Andrés Bello
Gespeichert in:
| 1. Verfasser: | |
|---|---|
| Format: | Buch |
| Sprache: | Undetermined |
| Veröffentlicht: |
Caracas, Venezuela
Instituto Nacional de Cultura y Bellas Artes
1965
|
| Ausgabe: | 4 |
| Schlagworte: | |
| Tags: |
Tag hinzufügen
Keine Tags, Fügen Sie den ersten Tag hinzu!
|
MARC
| LEADER | 00000nam a2200000Ia 4500 | ||
|---|---|---|---|
| 008 | 170316s9999 xx 000 0 und d | ||
| 040 | |a cru BVZT | ||
| 090 | |a 860 C-6a | ||
| 100 | |a Caldera, Rafael | ||
| 245 | |a Andrés Bello | ||
| 250 | |a 4 | ||
| 260 | |a Caracas, Venezuela | ||
| 260 | |b Instituto Nacional de Cultura y Bellas Artes | ||
| 260 | |c 1965 | ||
| 300 | |a 249 páginas | ||
| 650 | |a LITERATURA LATINOAMERICANA | ||
| 650 | |a BIOGRAFÍA | ||
| 999 | |c 8574 |d 8574 | ||
| 942 | |c 15 D |h 860 C-6a |2 z | ||
